000 00492nam a2200169Ia 4500
008 090124s9999 xx 000 0 und d
020 _a978-81-7786-448-9
082 _b47403
245 _a मी भूत आणि बारा कथा
250 _a1
260 _c2008
300 _a120
630 _a मी भूत आणि बारा कथा
700 _aगिते विलास
730 _a मी भूत आणि बारा कथा
942 _cBOOK
999 _c113651
_d113651